000 01296cam a2200313 4500
008 000000n2000 000 0 eng u
020 _a1902633695
035 _a(Sirsi) u108136
050 _a306.8
100 _aBate, Richard
_xEditor
245 _aOn the move: The housing consequences of migration
260 _aLondon
_bJRF
_c2000
300 _av, 74p. ; 28cm.
350 _a13.95
520 _aThis report arises from a seminar organised by the Joseph Rowntree Foundation in September 1999 to discuss migration. It shows broadly who is migrating, where from and where to. Some of the consequences for the housing market are highlighted, such as the need for affordable housing provision, for the receiving areas and the losing areas, employment and regional development. It asks whether migration should be viewed as a problem and, if so what the options might be for 'doing something'.
650 _aMIGRATION
650 _aPOPULATION CHANGE
650 _aSTATISTICS
650 _aSOCIAL TRENDS
650 _aURBAN SPRAWL
650 _aSOCIAL HOUSING
650 _aEMPLOYMENT
650 _aASYLUM SEEKERS
690 _aHOUSING
700 _aBest, Richard
_xEditor
700 _aHolmans, Alan
_xEditor
710 _aJoseph Rowntree Foundation
_92318
942 _n0
999 _c100756
_d100756